Online
Catalog

El mundo del empleo / (Record no. 13910)

MARC details
000 -CABECERA
campo de control de longitud fija 00768cam a2200253 a 4500
001 - NÚMERO DE CONTROL
campo de control 000014315
005 - FECHA Y HORA DE LA ÚLTIMA TRANSACCIÓN
campo de control 20250528135752.0
008 - DATOS DE LONGITUD FIJA--INFORMACIÓN GENERAL
campo de control de longitud fija 900618s1991 pr ah b 000 0 spa d
020 ## - NÚMERO INTERNACIONAL ESTÁNDAR DEL LIBRO
Número Internacional Estándar del Libro 0929441249
040 ## - FUENTE DE LA CATALOGACIÓN
Centro catalogador/agencia de origen DO-SdBNP
Centro/agencia transcriptor DLC
Centro/agencia modificador BNPHU
043 ## - CÓDIGO DE ÁREA GEOGRÁFICA
Código de área geográfica nwpr---
082 ## - NÚMERO DE LA CLASIFICACIÓN DECIMAL DEWEY
Número de clasificación 331.125
Número de documento/Ítem S247m, 1991
049 ## - FONDOS LOCALES (OCLC)
Fondos de biblioteca BNGR
100 1# - ENTRADA PRINCIPAL--NOMBRE DE PERSONA
Nombre de persona Sarramía, Tomás,
9 (RLIN) 32281
245 13 - MENCIÓN DE TÍTULO
Título El mundo del empleo /
Mención de responsabilidad, etc. Tomás Sarramía.
250 ## - MENCIÓN DE EDICIÓN
Mención de edición 2a ed.
260 ## - PUBLICACIÓN, DISTRIBUCIÓN, ETC.
Lugar de publicación, distribución, etc. San Juan, Puerto Rico :
Nombre del editor, distribuidor, etc. Publicaciones Puertorriqueñas,
Fecha de publicación, distribución, etc. 1991.
300 ## - DESCRIPCIÓN FÍSICA
Extensión xii, 328 p. :
Otras características físicas il., fasc. ;
Dimensiones 23 cm.
500 ## - NOTA GENERAL
Nota general 2a ed. revisada y aumentada
500 ## - NOTA GENERAL
Nota general Incluye notas al pie de las páginas
650 #4 - PUNTO DE ACCESO ADICIONAL DE MATERIA--TÉRMINO DE MATERIA
Término de materia o nombre geográfico como elemento de entrada Busqueda de empleo
9 (RLIN) 3801
650 #0 - PUNTO DE ACCESO ADICIONAL DE MATERIA--TÉRMINO DE MATERIA
Término de materia o nombre geográfico como elemento de entrada Empleos
9 (RLIN) 32282
910 ## - DATOS DE OPCIÓN DEL USUARIO (OCLC)
Datos de opción del usuario Catalogación derivada
Holdings
Estado de retiro Estado de pérdida Restricciones de uso No para préstamo Código de colección Localización permanente Ubicación/localización actual Ubicación en estantería Fecha de adquisición Número de inventario Total de préstamos Signatura topográfica completa Código de barras Fecha visto por última vez Precio válido a partir de Tipo de ítem Koha
        Monografías: Libros y Folletos General General En catalogación 09.12.2009 LF1   331.125 S247m, 1991 14315-10 25.06.2020 25.06.2020 Préstamo en sala

Powered by Koha